Founders and guardians of the Asiatic society of Mumbai : (Record no. 164888)

MARC details
000 -LEADER
fixed length control field 00705nam a22002057a 4500
005 - DATE AND TIME OF LATEST TRANSACTION
control field 20190529150132.0
010 ## - LCCN (DPL NO)
LC control number ENG-125387
020 ## - INTERNATIONAL STANDARD BOOK NUMBER
International Standard Book Number 9788188569625
Terms of availability 125.00
035 ## - SYSTEM CONTROL NUMBER
System control number EN-108919
037 ## - SOURCE OF ACQUISITION
Source of stock number/acquisition DBAD/PUB
082 ## - DEWEY DECIMAL CLASSIFICATION NUMBER
Classification number 410.92
100 ## - MAIN ENTRY--PERSONAL NAME
Personal name Jois, Leena B.
245 ## - TITLE STATEMENT
Title Founders and guardians of the Asiatic society of Mumbai :
Statement of responsibility, etc by Leela B.Jois [and] Purnima Srikrishna ; ed.by Aroon Tikekar
Remainder of title John faithful fleet /
260 ## - PUBLICATION, DISTRIBUTION, ETC. (IMPRINT)
Place of publication, distribution, etc Mumbai
Name of publisher, distributor, etc Indus Source Books
Date of publication, distribution, etc 2014
270 ## - ADDRESS
Address PO Box 6194, Malabar Hill PO
City Mumbai
Postal code 400006
Electronic mail address info@indussource.com
300 ## - PHYSICAL DESCRIPTION
Extent 104p
Dimensions 22cm(pbk)
700 ## - ADDED ENTRY--PERSONAL NAME
Personal name Srikrishna,Purnima
700 ## - ADDED ENTRY--PERSONAL NAME
Personal name Tikekar, Aroon
942 ## - ADDED ENTRY ELEMENTS (KOHA)
Source of classification or shelving scheme Dewey Decimal Classification
Item type English Books
Classification part 410.92
Call number suffix JOI
Holdings
Withdrawn status Lost status Not for loan Collection code Home library Current library Date acquired Source of acquisition Cost, normal purchase price Full call number Barcode Copy number Cost, replacement price Koha item type
      Non-fiction Bawana Bawana 29/05/2019 DBAD/PUB 125.00 410.92 JOI EN-108919 1 125.00 English Books

© Delhi Public Library
Hit Counter
free hit counter